Dog breeds - easy level - Statistics

General Stats
  • This quiz has been taken 33 times
  • The average score is 8 of 10
Answer Stats
Picture Answer % Correct
Dalmatian
100%
Poodle
100%
Golden Retriever
96%
Pug
96%
Husky
91%
Labrador
87%
Corgi
78%
Jack Russel
65%
German Shepard
52%
Sausage dog
26%
No matching quizzes found
Score Distribution
Percent of People with Each Score
Percentile by Number Answered
Your Score History
You have not taken this quiz